जंगल,जानवर और आदमी : (Record no. 118695)
[ view plain ]
| 000 -LEADER | |
|---|---|
| fixed length control field | 01277nam a22002537a 4500 |
| 005 - DATE AND TIME OF LATEST TRANSACTION | |
| control field | 20170124103119.0 |
| 010 ## - LIBRARY OF CONGRESS CONTROL NUMBER | |
| LC control number | B-137776 |
| 020 ## - INTERNATIONAL STANDARD BOOK NUMBER | |
| Terms of availability | 250.00 |
| 035 ## - SYSTEM CONTROL NUMBER | |
| System control number | B-137776 |
| 037 ## - SOURCE OF ACQUISITION | |
| Source of stock number/acquisition | Cen Lib/Ret |
| 040 ## - CATALOGING SOURCE | |
| Original cataloging agency | DPL |
| Language of cataloging | HN |
| 082 ## - DEWEY DECIMAL CLASSIFICATION NUMBER | |
| Classification number | 363.7 |
| Item number | निशांत |
| 100 ## - MAIN ENTRY--PERSONAL NAME | |
| Personal name | निशांतकेतु, आचार्य |
| 9 (RLIN) | 5721 |
| 245 ## - TITLE STATEMENT | |
| Title | जंगल,जानवर और आदमी : |
| Statement of responsibility, etc | आचार्य निशांतकेतु |
| Remainder of title | पर्यावरण-परिरक्षण तथा प्रदूषण-निवारण / |
| 246 ## - VARYING FORM OF TITLE | |
| Title proper/short title | Jungle, janwar aur aadmi : paryavaran-parirakashan tatha pradooshan-nivaran / |
| Remainder of title | by Acharya Nishantketu |
| 260 ## - PUBLICATION, DISTRIBUTION, ETC. (IMPRINT) | |
| Place of publication, distribution, etc | दिल्ली |
| Name of publisher, distributor, etc | माईनड एंड बॉडी ग्रोथ ओरिजिन |
| Date of publication, distribution, etc | 2004 |
| 270 ## - ADDRESS | |
| City | दिल्ली |
| Address | 1/6588, सी-1, रोहतास नगर (पूर्व), शाहदरा |
| Postal code | 110032 |
| 300 ## - PHYSICAL DESCRIPTION | |
| Extent | 202पृ. : |
| Dimensions | 20सेमी(सजिल्द) |
| Other physical details | रंगीन चित्र |
| 650 ## - SUBJECT ADDED ENTRY--TOPICAL TERM | |
| Topical term or geographic name as entry element | वृक्ष और मानव |
| 9 (RLIN) | 81487 |
| 650 ## - SUBJECT ADDED ENTRY--TOPICAL TERM | |
| Topical term or geographic name as entry element | जंगल -- जानवर |
| 9 (RLIN) | 34 |
| 650 ## - SUBJECT ADDED ENTRY--TOPICAL TERM | |
| Topical term or geographic name as entry element | Tree and human |
| 9 (RLIN) | 81488 |
| 650 ## - SUBJECT ADDED ENTRY--TOPICAL TERM | |
| Topical term or geographic name as entry element | Forest, animal |
| 9 (RLIN) | 33349 |
| 942 ## - ADDED ENTRY ELEMENTS (KOHA) | |
| Source of classification or shelving scheme | Dewey Decimal Classification |
| Koha item type | Hindi Books |
| Classification part | 363.7 |
| Call number suffix | निशांत |
| Withdrawn status | Lost status | Damaged status | Not for loan | Home library | Current library | Date acquired | Source of acquisition | Cost, normal purchase price | Total Checkouts | Full call number | Barcode | Date last seen | Copy number | Cost, replacement price | Price effective from | Koha item type |
|---|---|---|---|---|---|---|---|---|---|---|---|---|---|---|---|---|
| Central Library | Central Library | 12/09/2015 | Cen Lib/Ret | 250.00 | 363.7 निशांत | B-137776 | 12/09/2015 | 1 | 250.00 | 12/09/2015 | Hindi Books |
